| Tag |
First Indicator |
Second Indicator |
Subfields |
| LEADER |
00000nam a2200000 i 4500 |
| 001 |
in00004759321 |
| 008 |
231129s1925 sa a 2 f000 0 eng d |
| 005 |
20231129191628.6 |
| 035 |
|
|
|a (OCoLC)on1410953103
|
| 040 |
|
|
|a TXA
|b eng
|e rda
|c TXA
|
| 035 |
|
|
|a (OCoLC)1410953103
|
| 043 |
|
|
|a f-sa---
|
| 050 |
|
4 |
|a SB613.S6
|b L36 no.7
|
| 100 |
1 |
|
|a Lansdell, K. A.
|
| 245 |
1 |
0 |
|a Weeds of South Africa.
|n Weed no. 7,
|p "Cocklebur and burweed" (Xanthium spp.) /
|c by K.A. Lansdell.
|
| 246 |
3 |
0 |
|a Cocklebur and burweed" (Xanthium spp.)
|
| 264 |
|
1 |
|a Pretoria :
|b The Government Printing and Stationery Office,
|c 1925.
|
| 300 |
|
|
|a 12 pages :
|b illustrations ;
|c 25 cm
|
| 336 |
|
|
|a text
|b txt
|2 rdacontent
|
| 337 |
|
|
|a unmediated
|b n
|2 rdamedia
|
| 338 |
|
|
|a volume
|b nc
|2 rdacarrier
|
| 490 |
1 |
|
|a Reprint ;
|v no. 53, 1924
|
| 500 |
|
|
|a Cover title
|
| 500 |
|
|
|a Reprinted from the Journal of the Department of Agriculture, January, 1924.
|
| 500 |
|
|
|a At head of title: Union of South Africa, Department of Agriculture.
|
| 500 |
|
|
|a Also available in Afrikaans.
|
| 650 |
|
0 |
|a Xanthium
|z South Africa.
|
| 650 |
|
0 |
|a Weeds
|z South Africa.
|
| 650 |
|
7 |
|a Weeds.
|2 fast
|0 (OCoLC)fst01173358
|
| 651 |
|
7 |
|a South Africa.
|2 fast
|0 (OCoLC)fst01204616
|
| 700 |
1 |
|
|a Jones, J. M.
|q (John McKinley),
|e former owner.
|5 TXA
|
| 710 |
1 |
|
|a South Africa.
|b Department of Agriculture.
|
| 730 |
0 |
|
|a Journal of the Department of Agriculture (South Africa)
|
| 830 |
|
0 |
|a Reprint (South Africa. Department of Agriculture) ;
|v no. 53, 1924.
|
| 994 |
|
|
|a Z0
|b TXA
|
| 948 |
|
|
|h HELD BY TXA - 0 OTHER HOLDINGS
|
| 999 |
f |
f |
|s 8650d3ed-9740-42b7-a157-4c797cb8f894
|i c48ae8bf-b34f-44ff-afb3-092e40127a96
|t 0
|
| 952 |
f |
f |
|p noncirc
|a Texas A&M University
|b College Station
|c Cushing Memorial Library & Archives
|d Cushing: Dykes (Does not check out)
|t 0
|e SB613.S6 L36 no.7
|f Vertical File
|h Library of Congress classification
|i unmediated -- volume
|m A1485307196B
|
| 998 |
f |
f |
|a SB613.S6 L36 no.7
|t 0
|l Cushing: Dykes (Does not check out)
|